Statistics for Largest Korean Cities

Click here to take the quiz!

General Stats

  • This quiz has been taken 183 times
  • The average score is 8 of 20

Answer Stats

HintAnswer% Correct
9,794,304Seoul
99%
3,414,950Busan
93%
2,662,509Incheon
78%
2,446,418Daegu
70%
3,255,288Pyongyang
65%
1,501,859Daejeon
49%
1,082,567Ulsan
46%
1,469,293Gwangju
45%
1,071,913Suwon
36%
768,551Hamhung
23%
949,964Seongnam
23%
649,728Jeonju
21%
728,775Ansan
20%
1,058,021Changwon
19%
853,039Bucheon
16%
666,924Cheongju
16%
602,122Anyang
15%
667,929Chongjin
15%
905,076Goyang
15%
856,765Yongin
13%

Score Distribution

Percentile by Number Answered

Percent of People with Each Score

Your Score History

You have not taken this quiz